Spolupráca cestovných kancelárií a cestovných agentúr v predaji zájazdov diplomová práca

Guardado en:
Detalles Bibliográficos
Autor principal: Dianová, Romana
Autor Corporativo: Obchodná fakulta EU. Katedra služieb a cestovného ruchu - zrušené
Otros Autores: Novacká, Ľudmila, 1953-
Formato: Libro
Lenguaje:eslovaco
Publicado: Bratislava 2021
Etiquetas: Agregar Etiqueta
Sin Etiquetas, Sea el primero en etiquetar este registro!

MARC

LEADER 00000nbm a2200000 4500
001 0274413
005 20220203143600.9
041 0 |a slo 
044 |a SK 
245 1 0 |a Spolupráca cestovných kancelárií a cestovných agentúr v predaji zájazdov  |b diplomová práca  |c Romana Dianová ; školiteľ: Ľudmila Novacká 
264 1 |a Bratislava  |c 2021 
300 |a 80 s. 
100 1 |a Dianová, Romana 
700 1 |a Novacká, Ľudmila, 1953- 
710 2 |a Obchodná fakulta EU. Katedra služieb a cestovného ruchu - zrušené